header

Managing space radiation risk in the new era of space exploration (Record no. 37711)

MARC details
000 -LEADER
fixed length control field 01552nam a2200313Ia 4500
245 10 - TITLE STATEMENT
Title Managing space radiation risk in the new era of space exploration
260 ## - PUBLICATION, DISTRIBUTION, ETC. (IMPRINT)
Place of publication Washington, D.C. :
Name of publisher National Academies Press,
Year of publication c2008.
300 ## - PHYSICAL DESCRIPTION
Number of Pages xiii, 117 p. :
Other physical details ill. (some col.)
650 #0 - SUBJECT ADDED ENTRY--TOPICAL TERM
Topical Term Extraterrestrial radiation
Topical Term Radiation
Topical Term Space flights
856 40 - ELECTRONIC LOCATION AND ACCESS
Uniform Resource Identifier http://site.ebrary.com/lib/rucke/Doc?id=10237093

No items available.

© 2026 Rongo University
Contact us: librarian | system librarian | Rongo university